El proceso de democratización en El Salvador
Guardado en:
| Format: | Bog |
|---|---|
| Sprog: | Spanish |
| Tags: |
Tilføj Tag
Ingen Tags, Vær først til at tagge denne postø!
|
MARC
| LEADER | 00000nam a22000007a 4500 | ||
|---|---|---|---|
| 003 | cru CIDCACS/IIS | ||
| 005 | 20190130085802.0 | ||
| 007 | ta | ||
| 008 | 190130s1999 es |||||r||||||0| ||spa d | ||
| 999 | |c 42134 |d 42134 | ||
| 040 | |c cru CIDCACS/IIS | ||
| 245 | 0 | 3 | |a El proceso de democratización en El Salvador |
| 300 | |a páginas 2-3 | ||
| 942 | |2 ddc |c PP | ||
| 773 | 0 | |0 42115 |9 2633 |a Universidad Centroamericana José Simeón Cañas (UCA) |d San Salvador, El Salvador: Universidad Centroamericana José Simeón Cañas. Centro Universitario de Documentación e Información |o 17804 |t El Salvador Proceso: |x 02599864 | |
